00996nam a22002537a 450000500170000000800410001702000150005802000180007308200190009110000320011024500940014226000690023630000470030550000240035250400310037665000330040765000430044065000440048365300220052765500240054994200190057399900170059295201330060920140406130247.0140406t1983 xxueo frb f001 0 eng d a069102393X a978069102393904222a624.2bBIL1 aBillington, David P.93589414aThe tower and the bridge :bthe new art of structural engineering /cDavid P. Billington. aPrinceton, United States :bPrinceton University Press,cc.1983. axx, 306 p. :bphotographs, plans ;c24 cm. aIndex : p. 277-294. aBibliography : p. 295-306. 095305aStructural engineering 0935895aTowersxDesign and construction 0911953aBridgesxDesign and construction bENGARCcApril2014 vreading book934232 2ddck624.2 BIL c18213d18185 00102ddc40708BaccahaMAINbMAINc1STd2014-04-06epurchaseg280.00l0o624.2 BILp000035871r2025-07-15 00:00:00v350.00yBB